02220agaaa2200325 45000010005000000030009000050050017000140070009000310080040000400400023000800410013001031000046001161300039001622400040002012450209002412460033004502500022004832600106005053000033006115080225006445110088008695200618009575380016015755460013015916500053016047000058016577000068017157000059017837000052018428448IT-RoPAU20220918181253.0d cvaizq50131s9999||||xx ||| | || ||und|| aIT-RoPAUcIT-RoPAU aITALIANO aHerzog WernergCodice regista SPICS: 5495 aNOSFERATU, IL PRINCIPE DELLA NOTTE aNOSFERATU, PHANTOM DER NACHTgT3261 aNOSFERATU, IL PRINCIPE DELLA NOTTEcProdotto da: W.H. Filmproduktion -- Sceneggiatura: Werner Herzog -- Diretto da: Herzog WernerpNOSFERATU, IL PRINCIPE DELLA NOTTE (Rif. Codice opera principale : G8448) aNOSFERATU, PHANTOM DER NACHT aEdizione Standard aMUNCHEN (GERMANIA)bHERZOG WERNER FILM PRODUKTION / g"1978 (1° ed.: 2000 ; Ed. Lingua Orig.: 1978)" aVHSbsonoro, col.c90 minuti a"Fotografia: J. Schmidt-Reitwein; Montaggio: B.Mainka-Jellinghaus; Musica: Vuh Popol; Sceneggiatura: Werner Herzog; Scenografia: Henning Von Gierke; Coreografia: Gisela Storch; Soggetto: Stoker Bram -- Murnau Friederich" a"Klaus; Kinski; Isabelle; Adjani; Bruno; Ganz; Michael; Gruskoff; Jacques; Dufilho" a"ELEGANTE REMAKE DEL CAPOLAVORO DI MURNAU DEL 1922 ""NOSFERATU IL VAMPIRO"", E' UN OMAGGIO AL CINEMA TEDESCO DEGLI ANNI 20. TRATTO ANCHE DAL ROMANZO DI BRAM STOKER ""DRACULA"". NONOSTANTE TUTTI LO METTANO IN GUARDIA, IL GIOVANE TEDESCO HARKER SI RECA AL CASTELLO DEL CONTE DRACULA PER TRATTARE LA VENDITADELL'IMMOBILE. DURANTE L'INCONTRO VIENE ASSALITO E TRAMUTATO IN VAMPIRO. DRACULA INSIDIA LA GIOVANE MOGLIE CHE ASTUTAMENTE LO TRATTIENE PER TUTTA LA NOTTE BEN SAPENDO CHE I VAMPIRI MUOIONO ALL'ALBA. COSI' AVVIENE E HARKER RIMANE IL NUOVO VAMPIRO. FILM PER TUTTI A COLORI. DISTRIBUITO DA MULTIMEDIA SAN PAOLO." aPAL, STEREO aITALIANO aFANTASYeFILMS [VHS]xCodice MATERIA SPICS: 9960 aHerzog Werner e(regista)gCodice regista SPICS: 5495 aMurnau Friederich e(soggetto)gCodice Soggetto 2° SPICS: 1476 aStoker Bram e(soggetto)gCodice Soggetto SPICS: 44718 aVuh Popole(musica)gCodice Musica SPICS: 30967